| 000 | 01438nam a2200409 i 4500 | ||
|---|---|---|---|
| 001 | 25406 | ||
| 003 | KOSZ 005 | ||
| 005 | 20240405063037.0 | ||
| 008 | 071120s1971 pl a f 001 0 pol | ||
| 015 | _aPB 1971/8765 | ||
| 040 |
_aWA N _cWA N _dKOSZ 005/RW |
||
| 080 | _a51 | ||
| 080 | _a378(438) | ||
| 100 | 1 |
_aKrysicki, Włodzimierz _d(1905-2001) _eAutor |
|
| 245 | 1 | 0 |
_aTematy egzaminów wstępnych z matematyki : _bstudia matematyczne / _cW. Krysicki, W. Czapliński, W. Terlikowski. |
| 260 |
_aWarszawa : _bPaństwowe Wydawnictwo Naukowe, _c1971. |
||
| 300 |
_a357, [2] stron : _bilustracje ; _c24 cm. |
||
| 336 |
_aTekst _btxt _2rdacontent |
||
| 337 |
_aBez urządzenia pośredniczącego _bn _2rdamedia |
||
| 338 |
_aWolumin _bnc _2rdacarrier |
||
| 380 | _aKsiążki. | ||
| 504 | _aIndeks. | ||
| 655 | 4 | _aĆwiczenia i zadania dla szkół średnich. | |
| 658 | _aMatematyka | ||
| 648 | 4 | _a1901-2000 | |
| 651 | 4 | _aPolska | |
| 648 | 4 | _a1945-1989 | |
| 650 | 4 | _aEgzaminy do szkół wyższych | |
| 650 | 4 | _aAlgebra | |
| 650 | 4 | _aGeometria | |
| 650 | 4 | _aTrygonometria | |
| 700 | 1 |
_aCzapliński, Witold. _eAutor |
|
| 710 | 2 |
_aPaństwowe Wydawnictwo Naukowe _4pbl. |
|
| 700 | 1 |
_aTerlikowski, Władysław _eAutor |
|
| 856 |
_uhttp://koha.tu.koszalin.pl/cgi-bin/koha/opac-detail.pl?biblionumber=25406 _yKatalog online BPK |
||
| 942 |
_2UKD _cKS |
||
| 999 |
_c25406 _d25406 |
||